The old north trail or life, legends and religion of the Blackfeet Indians.
Saved in:
| Hovedforfatter: | |
|---|---|
| Format: | Bog |
| Sprog: | engelsk |
| Udgivet: |
London, England, United Kingdom
Macmillan and Co.
1910
|
| Fag: | |
| Tags: |
Tilføj Tag
Ingen Tags, Vær først til at tagge denne postø!
|
MARC
| LEADER | 00000nam a2200000 a 4500 | ||
|---|---|---|---|
| 001 | UCJ5474 | ||
| 003 | CL-VaPUC | ||
| 005 | 20250227100126.0 | ||
| 008 | 070124e19100000UK |||||||||||||||||eng|d | ||
| 999 | |c 321583 |d 321581 | ||
| 040 | |c Pontificia Universidad Católica de Valparaíso | ||
| 082 | 0 | 4 | |a 910.4 MCC 1910 |2 21 |
| 100 | |a McClintock, Walter |e autor |9 510684 | ||
| 245 | 1 | 4 | |a The old north trail or life, legends and religion of the Blackfeet Indians. |
| 260 | 0 | 3 | |a London, England, United Kingdom |b Macmillan and Co. |c 1910 |
| 300 | |a 539 páginas. | ||
| 500 | |a Front., ilustración, centinela indio, montado; mapa e ilustraciones, algunas en color, conforme al índice | ||
| 583 | |a last modification |c 20070124 00:00:00 |k Rodrigo Vera | ||
| 650 | 0 | |a Viajes |9 257115 | |
| 650 | 0 | |a Expediciones científicas |9 265222 | |
| 650 | 0 | |a Etnografía |9 309735 | |
| 650 | 0 | |a Aborígenes |9 329972 | |
| 650 | 7 | |a PATAS NEGRAS |2 CL-VaPUC |9 510685 | |
| 650 | 7 | |a LEYENDAS |2 CL-VaPUC |9 265258 | |
| 650 | 0 | |a Creencias religiosas |9 373391 | |
| 650 | 0 | |a Medicina |9 258507 | |
| 651 | 7 | |a MONTANA |2 CL-VaPUC |9 320253 |z USA | |
| 942 | |c BK |2 ddc | ||
| 945 | |d 20070124 00:00:00 |a rinostro | ||
| 952 | |0 0 |1 0 |2 ddc |4 0 |6 910_400000000000000_MCC_1910 |7 0 |8 X |9 400360 |a FDOBUD |b FDOBUD |d 2019-11-22 |i 1035169 |o 910.4 MCC 1910 |p 1035169 |r 2019-11-22 |t 1 |w 2019-11-22 |y BK_X |k BUD | ||